A Guide To Common Echinoids (Echinodermata) Of Andaman And Nicobar Islands/ (Record no. 195680)

MARC details
000 -LEADER
fixed length control field 00633nam a22001937a 4500
005 - DATE AND TIME OF LATEST TRANSACTION
control field 20230417155845.0
010 ## - LCCN (DPL NO)
LC control number ENG-136693-94
020 ## - INTERNATIONAL STANDARD BOOK NUMBER
Terms of availability 300.00
International Standard Book Number 9788181714985
035 ## - SYSTEM CONTROL NUMBER
System control number EN-120225-26
037 ## - SOURCE OF ACQUISITION
Source of stock number/acquisition DBAD/PUB
082 ## - DEWEY DECIMAL CLASSIFICATION NUMBER
Classification number 597.095436
100 ## - MAIN ENTRY--PERSONAL NAME
Personal name Venkataraman, K
245 00 - TITLE STATEMENT
Title A Guide To Common Echinoids (Echinodermata) Of Andaman And Nicobar Islands/
Remainder of title By K Venkataraman...[et.al]
260 ## - PUBLICATION, DISTRIBUTION, ETC. (IMPRINT)
Place of publication, distribution, etc Kolkata
Name of publisher, distributor, etc Zoological Survey Of India
Date of publication, distribution, etc 2018
270 ## - ADDRESS
City Kolkata
Address M- Block, New Alipore
Postal code 700053
300 ## - PHYSICAL DESCRIPTION
Extent 38.;
Dimensions 22cm(pbk)
Other physical details ill.
500 ## - GENERAL NOTE
General note Includes index
942 ## - ADDED ENTRY ELEMENTS (KOHA)
Source of classification or shelving scheme Dewey Decimal Classification
Item type English Books
Call number suffix VEN
Classification part 597.095436
Holdings
Withdrawn status Lost status Not for loan Collection code Home library Current library Date acquired Source of acquisition Cost, normal purchase price Full call number Barcode Copy number Cost, replacement price Koha item type
      Non-fiction D.B.Act.Division Mobile Library 17/04/2023 DBAD/PUB 300.00 597.095436 VEN EN-120226 1 300.00 English Books
      Non-fiction R.K.Puram-8 R.K.Puram-8 17/04/2023 DBAD/PUB 300.00 597.095436 VEN EN-120225 1 300.00 English Books

© Delhi Public Library
Hit Counter
free hit counter